000 00647nam a2200181Ia 4500
008 100920s9999 xx 000 0 und d
082 _b102235
_a891.43 न 08
100 _aजमशेदपुरी अस्लम.
245 _aजागती आँखों का ख्वाब.
260 _bअनुपम प्रकाशन दिल्ली.
_c2008
300 _a4577
_bसाधी
365 _b150
520 _aहिंदी.
630 _aजागती आँखों का ख्वाब.
650 _aहिंदी.
730 _aजागती आँखों का ख्वाब.
942 _cBOOK
999 _c742668
_d742665